| 000 | 01189cam a2200313 a 4500 | ||
|---|---|---|---|
| 001 | 11318092 | ||
| 003 | ASAB | ||
| 005 | 20180827062624.0 | ||
| 006 | m d | ||
| 007 | cr n | ||
| 008 | 940727s1996 maua sb 001 0 eng d | ||
| 020 | _a81-8128-550-6 | ||
| 035 | _a(WaSeSS)ssj0000855113 | ||
| 040 |
_aDLC _cDLC _dDLC _dWaSeSS |
||
| 050 | 4 |
_aQP551 _b.R785 1996 |
|
| 082 | 0 | 0 |
_a574.19/245 _220 |
| 100 | 1 |
_aRosenberg, Ian M., _d1949- _91650 |
|
| 210 | 1 | 0 | _aProtein analysis and purification |
| 245 | 1 | 0 |
_aProtein analysis and purification _bbenchtop techniques / _cIan M. Rosenberg. |
| 260 |
_aBoston : _bBirkhäuser, _cc1996. |
||
| 504 | _aIncludes bibliographical references and index. | ||
| 506 | _aLicense restrictions may limit access. | ||
| 650 | 0 | 0 |
_aProteins _xAnalysis _xLaboratory manuals. _91651 |
| 650 | 0 | 0 |
_aProteins _xPurification _xLaboratory manuals. _91652 |
| 773 | 0 | _tSpringerLink ebooks - Mathematics and Statistics (Archive) | |
| 856 | 4 | 0 |
_uhttp://www.columbia.edu/cgi-bin/cul/resolve?clio11318092 _zFull text available from SpringerLink ebooks - Mathematics and Statistics (Archive) |
| 910 | _aLibrary of Congress record | ||
| 942 |
_2ddc _cBK |
||
| 999 |
_c480043 _d480043 |
||